Verdad y Método.

Wedi'i Gadw mewn:
Manylion Llyfryddiaeth
Prif Awdur: Gadamer, Hans-Georg (autor)
Awduron Eraill: Olasagasti, Manuel (traductor)
Fformat: Llyfr
Cyhoeddwyd: Salamanca, España: Sígueme, 2006.
Rhifyn:Séptima edición.
Cyfres:Hermeneia ;
Pynciau:
Tagiau: Ychwanegu Tag
Dim Tagiau, Byddwch y cyntaf i dagio'r cofnod hwn!

MARC

LEADER 00000nam a22000007a 4500
003 CL-VaPUC
005 20250321101934.0
008 250127t2006 ||||| |||| 00| 0 eng d
999 |c 446823  |d 446821 
020 |a 84-301-1180-8 (v.II) 
020 |a 84.301-1270-7 (o.c) 
040 |c Pontificia Universidad Católica de Valparaíso 
082 |a 121.68 GAD 2006 
100 |9 360406  |a Gadamer, Hans-Georg  |e autor 
245 |a Verdad y Método. 
250 |a Séptima edición. 
260 |a Salamanca, España:  |b Sígueme,   |c 2006. 
300 |a 2 volúmenes 
490 |a Hermeneia ;   |n  34. 
500 |a v.II.c.1. Instituto Arcos. 08-01-2025. 
583 |c 20250127  |k Gabriela Rodríguez Cuevas 
650 0 |9 269473  |a Hermenéutica 
650 0 |9 395920  |a Humanidades  |x Metodología  
650 0 |9 257082  |a Filosofía del lenguaje 
700 |9 885905  |a Olasagasti, Manuel   |e traductor 
942 |2 ddc  |c BK  |n 0 
952 |0 0  |1 0  |2 ddc  |4 0  |6 121_680000000000000_GAD_2006  |7 0  |9 599953  |a BIBINC  |b BIBINC  |c GEN  |d 2025-01-27  |e Instituto Arcos  |h v.II  |i 5664813  |o 121.68 GAD 2006  |p 5664813  |r 2025-01-27  |t 1  |w 2025-01-27  |y BK  |k IFP